Language Quiz

Random Language or Letter Quiz

1-10 Letter M Words Quiz Stats

Quiz Updated Oct 15, 2015

Challenge
Share
Tweet
Embed
Score 0/10 Timer 02:00
0 Plays Today
Clue M-Word % Correct
Partner of A in many US college namesM
100%
An abbreviated term for a woman that does not specify marital statusMs.
97.7%
A hybrid between a horse and a donkeymule
87.1%
A windy season in Southern Asia and the Indian Ocean characterized by very heavy rainfallmonsoon
84.3%
A hand covering that separates the thumb from the other four fingersmitten
74.6%
An instrument for measuring musical time with a regular tickmetronome
73.9%
One of the 3 gifts of the Magimyrrh
70.6%
The unit for electrical conductance, which is the unit of resistance spelled backwardsmho
60.4%
A large cherry preserved for cocktails or desserts or a cherry-based liquormaraschino
53.3%
A memory code, trick or devicemnemonic
52.2%

You're not logged in!

Compare scores with friends on all Sporcle quizzes.
Sign Up with Email
OR
Log In

You Might Also Like...

Show Comments

Extras

Top Quizzes Today


Score Distribution

Your Account Isn't Verified!

In order to create a playlist on Sporcle, you need to verify the email address you used during registration. Go to your Sporcle Settings to finish the process.